|
|
|
|
| LEADER |
02675nam a2200565 a 4500 |
| 001 |
nkc20142609121 |
| 003 |
CZ PrNK |
| 005 |
20140813142954.0 |
| 007 |
ta |
| 008 |
140715s2013 xr a e 100 0 cze |
| 015 |
|
|
|a cnb002609121
|
| 020 |
|
|
|a 978-80-210-6722-6
|q (brož.)
|
| 035 |
|
|
|a (OCoLC)890261823
|
| 040 |
|
|
|a BOA001
|b cze
|d OLA001
|
| 041 |
0 |
|
|a cze
|a eng
|
| 043 |
|
|
|a e-xr---
|a e-au---
|
| 072 |
|
7 |
|a 351
|x Úkoly veřejné správy, správní opatření, legislativa
|2 Konspekt
|9 15
|
| 080 |
|
|
|a 351.817:[004.62:654.026]
|2 MRF
|
| 080 |
|
|
|a 34
|2 MRF
|
| 080 |
|
|
|a (437.3)
|2 MRF
|
| 080 |
|
|
|a (436)
|2 MRF
|
| 080 |
|
|
|a (062.534)
|2 MRF
|
| 111 |
2 |
|
|a Data Retention Reloaded: zkušenosti, problémy a aplikační praxe (workshop)
|d (2013 :
|c Brno, Česko)
|7 mzk2014830922
|
| 245 |
1 |
0 |
|a Data Retention Reloaded: zkušenosti, problémy a aplikační praxe :
|b sborník z workshopu konaného dne 23.4.2013 v Brně /
|c [editor Matěj Myška]
|
| 250 |
|
|
|a 1. vyd.
|
| 260 |
|
|
|a Brno :
|b Masarykova univerzita,
|c 2013
|
| 300 |
|
|
|a 231 s. :
|b barev. il. ;
|c 21 cm
|
| 490 |
1 |
|
|a Spisy Právnické fakulty Masarykovy univerzity ; sv. 464 =
|a Acta Universitatis Brunensis Iuridica ; no. 464. Řada teoretická
|
| 500 |
|
|
|a Část. tištěno napříč
|
| 504 |
|
|
|a Obsahuje bibliografické odkazy
|
| 505 |
2 |
0 |
|t Zákon ze dne 18. července 2012 o elektronických komunikacích
|
| 546 |
|
|
|a Část. anglický text
|
| 650 |
0 |
7 |
|a uchovávání provozních a lokalizačních údajů
|7 ph818637
|z Česko
|2 czenas
|
| 650 |
0 |
7 |
|a uchovávání provozních a lokalizačních údajů
|7 ph818637
|z Rakousko
|2 czenas
|
| 650 |
0 |
7 |
|a uchovávání provozních a lokalizačních údajů
|7 ph818637
|x právní aspekty
|2 czenas
|
| 650 |
0 |
9 |
|a data retention
|z Czechia
|2 eczenas
|
| 650 |
0 |
9 |
|a data retention
|z Austria
|2 eczenas
|
| 650 |
0 |
9 |
|a data retention
|x legal aspects
|2 eczenas
|
| 655 |
|
7 |
|a sborníky konferencí
|7 fd133333
|2 czenas
|
| 655 |
|
9 |
|a proceedings of conferences
|2 eczenas
|
| 700 |
1 |
|
|a Myška, Matěj,
|d 1984-
|7 mub2011622476
|4 edt
|4 aut
|
| 710 |
1 |
2 |
|a Česko.
|t Zákon o elektronických komunikacích (2005, novela 2012)
|7 kon2014830924
|
| 810 |
2 |
|
|a Masarykova univerzita.
|b Právnická fakulta.
|t Spisy.
|p Řada teoretická
|0 s
|
| 856 |
4 |
1 |
|u http://www.digitalniknihovna.cz/mzk/uuid/uuid:3de0acd0-386c-11eb-b577-005056827e52
|y Digitalizovaný dokument
|x NDK
|
| 910 |
2 |
|
|a BOA001
|b 2-1329.704
|
| 990 |
|
|
|a BK
|
| 995 |
|
|
|a 01
|
| 991 |
|
|
|b 201408
|e n
|j 35 DAT
|
| 996 |
6 |
|
|b 2610597895
|c 2-1329.704
|l MZK
|r Sklad / do 1 hodiny
|n 0
|p p.v.
|w 001440507
|u 000010
|a 1
|e BOA001
|j MZK50
|s P
|
| 996 |
7 |
|
|b 2610597896
|c 2-1329.704
|l MZK
|r Sklad / do 1 hodiny
|n 7
|p p.v.
|w 001440507
|u 000020
|a 1
|e BOA001
|j MZK50
|s A
|